000 00840nam a22002177a 4500
999 _c20540
_d20540
003 AR-CdUCM
008 190531b ||||| |||| 00| 0 spa d
020 _a84-89295-78-6
040 _aMUNICIPALIDAD PROVINCIAL DEL CUSCO
_cBIBLIOTECA MUNICIPAL DEL CUSCO
082 _22ed
_a980.514 /
_bR35
100 _aRegan, Jaime
_942941
245 _aHacia la tierra sin mal :
_bla religión del pueblo en la Amazonia /
260 _aIquitos :
_bCentro de Estudios Teológicos de la Amazonía,
_c1993.
300 _a456 páginas ;
_bFotografías,
_c21 cm.
505 _aContenido: La metodología y los presupuestos teóricos -- El contexto histórico -- El contexto socioeconomico...
650 _aCultura popular
_92559
650 _aAmazonia peruana
_97545
650 _aSelva Peruana
_938800
942 _2ddc
_cLIBROS
945 _adavv
_d2019-05-31